000 00447nam a2200181 a 4500
001 1766986134147
003 ACL
005 20251229110524.0
008 251229s2006##################000#0#eng##
020 _a9780731404094
082 0 4 _a650.14
_bCRI
100 1 _aCritchley, Robert K.,
_eauthor.
245 1 0 _aRewire or Rust :
260 _bWrightbooks,
_c2006.
650 0 _aBusiness & Economics.
942 _cENGLISH
040 _aACL
_beng
_cACL
999 _c605607
_d605607